| 000 | 01424nam a2200349 a 4500 | ||
|---|---|---|---|
| 003 | CHAP | ||
| 005 | 20241216112451.0 | ||
| 007 | ta | ||
| 008 | 241216s2007 mx o|||frm||| 001 0 spa d | ||
| 040 |
_aCHAP _cmxchpua |
||
| 041 | 0 |
_aspa _beng |
|
| 090 |
_aTesis _bG354 _c2007 |
||
| 100 | 1 | _aGallardo Orta, Rafael | |
| 240 | 1 |
_aFinancing for a selector company of barley in Singuilucan, Hidalgo. _lEspañol |
|
| 245 | 1 | 0 |
_aFinanciamiento para una empresa beneficiadora de cebada en Singuilucan, Hidalgo / _cRafael Gallardo Orta |
| 264 |
_aChapingo, México : _bEl autor, _c2007 |
||
| 300 |
_aiv, 62 hojas : _bdiagramas, tablas, fotos |
||
| 336 |
_2rdacontent _atexto _btxt |
||
| 337 |
_2rdamedia _asin medio _bn |
||
| 338 |
_2rdacarrier _avolumen _bnc |
||
| 502 |
_aMemoria de Experiencia Profesional _b(Ingeniero Agroindustrial) -- _cUACh. Departamento de Ingeniería Agroindustrial, _d2007 |
||
| 504 | _aBibliografía: hojas 60-62 | ||
| 650 | 1 | 7 |
_aCebada _2atg _xDepósitos _zMéxico _zHidalgo |
| 650 | 1 | 3 |
_aIniciativa empresarial _zMéxico _zHidalgo _2atg |
| 650 | 1 | 3 |
_aBarley _2atg _xStorehouses _zMexico _zHidalgo |
| 650 | 1 | 3 |
_aEntrepreneurship _zMéxico _zHidalgo _2atg |
| 700 | 1 |
_aReyna Izaguirre, Diana América _edirectora |
|
| 700 | 1 |
_aPonce Hernández, Pedro _easesor |
|
| 700 | 1 |
_aAltamirano Cárdenas, J. Reyes _easesor |
|
| 901 | _aTesis G354 2007 | ||
| 942 |
_2Clasificación Universidad Autónoma Chapingo _cTesis |
||
| 999 |
_c220311 _d220311 |
||